College Quizbowl Stats
College Quizbowl Stats
Circuits
Seasons
Sets
Records
Detailed Stats
About
Loading...
Southeast
Tossups
Bonuses
Players
Teams
Categories (Tossup)
Categories (Bonus)
Katie Robison
Mississippi State A
Categories
Category
Powers
Gets
Negs
BBs
Points
Earliest Buzz
Avg. Buzz
First Buzzes
Top 3 Buzzes
BPA
PVF
Science - Biology
0
2
1
0
15
69
80.00
0
0
5.70
7.95
Fine Arts - Classical Music
0
1
0
1
10
112
112.00
0
0
0.00
1.14
Fine Arts - Other
0
1
0
0
10
134
134.00
0
0
0.00
1.14
Science - Chemistry
0
1
1
0
5
49
49.00
1
1
4.97
7.95
Buzzes
Category
Answer
Value
Buzz Position
Science - Chemistry
elimination reactions
10
49
Science - Chemistry
amines
-5
69
Science - Biology
gills
10
69
Science - Biology
vitamin D
-5
84
Science - Biology
sleeping
10
91
Fine Arts - Classical Music
flute
10
112
Fine Arts - Other
dolls
0
119
Fine Arts - Other
Charles Mingus
10
134
Previous
1
Next